000 01156nam0a22002531 4500
001 rc\737022
005 20040301141913.8
035 _a(NLR Aleph) 006266927
090 _a6908167
_c6908167
100 _a20040301d1985 u |0rusy50 ca
101 0 _arus
102 _aRU
105 _ay |||||||||
200 1 _aРоль методологии в развитии науки
_e[Сб. ст.]
_fАН СССР, Сиб. отд-ние, Ин-т истории, филологии и философии
_g[Сост. и авт. предисл. А.Т. Москаленко]
_gОтв. ред. Д.К. Беляев, А.П. Деревянко
210 _aНовосибирск
_cНаука. Сиб. отд-ние
_d1985
215 _a316 с.
_d21
702 1 _aМоскаленко
_bА. Т.
_gАлексей Трофимович
_4220
702 1 _aБеляев
_bД. К.
_gДмитрий Константинович
_4340
712 0 2 _aИнститут истории, филологии и философии
_cНовосибирск
_3RU\NLR\AUTH\889067
801 0 _aRU
_bNLR
_gpsbo
801 1 _aRU
_bELAR
_2rusmarc
852 _aNLR
_j85-3/7895
942 _cBOOK
980 _aNB